Long-term status of the Social Security Trust Funds : hearing before the Subcommittee on Social Security and Family Policy of the Committee on Finance, United States Senate, One Hundredth Congress, second session.

Bibliographic Details
Corporate Authors: United States. Congress. Senate. Committee on Finance. Subcommittee on Social Security and Family Policy, ProQuest (Firm)
Format: Government Document eBook
Language:English
Published: Washington : U.S. G.P.O., 1988.
Series:U.S. Congressional Hearings.
Subjects:
Online Access:Connect to the full text of this electronic book
Connect to the full text of this electronic book

MARC

Tag First Indicator Second Indicator Subfields
LEADER 00000cam a22000001a 4500
001 in00003289821
006 m d f
007 cr bn mmmapmmp
008 091021s1988 dcua ob f000 0 eng d
005 20260604201953.2
035 |a cis2007456083 
040 |a UMI  |c UMI  |d UtOrBLW 
043 |a n-us--- 
074 |a 1038-A, 1038-B (microfiche) 
086 0 |a Y 4.F 49:S.hrg.100-812/pt.1-2 
099 |a HRG-1988-FNS-0036 
099 |a HRG-1988-FNS-0037 
110 1 |a United States.  |b Congress.  |b Senate.  |b Committee on Finance.  |b Subcommittee on Social Security and Family Policy. 
245 1 0 |a Long-term status of the Social Security Trust Funds :  |b hearing before the Subcommittee on Social Security and Family Policy of the Committee on Finance, United States Senate, One Hundredth Congress, second session. 
264 1 |a Washington :  |b U.S. G.P.O.,  |c 1988. 
300 |a 1 online resource. 
336 |a text  |b txt  |2 rdacontent 
337 |a computer  |b c  |2 rdamedia 
338 |a online resource  |b cr  |2 rdacarrier 
490 1 |a S. hrg. ;  |v 100-812 
500 |a Record is based on bibliographic data in ProQuest Congressional Hearings Digital Collection. Reuse except for individual research requires license from ProQuest, LLC. 
504 |a Includes bibliographical references. 
538 |a System requirements: PDF reader software. 
500 |a Electronic resource. 
650 0 |a Social security  |z United States. 
650 0 |a Pension trusts  |z United States. 
655 7 |a Electronic books.  |2 local 
710 2 |a ProQuest (Firm) 
776 0 8 |i Print version:  |a United States. Congress. Senate. Committee on Finance. Subcommittee on Social Security and Family Policy.  |t Long-term status of the Social Security Trust Funds  |w (OCoLC)18777190  |w gp 89005472 
776 0 8 |i Microfiche version:  |a United States. Congress. Senate. Committee on Finance. Subcommittee on Social Security and Family Policy.  |t Long-term status of the Social Security Trust Funds.  |d [Bethesda, Md.] : ProQuest,[2004]  |o CIS 89 S361-5 (pt.1)  |o CIS 89 S361-6 (pt.2)  |w (ProQuest)cis08902457 
810 1 |a United States.  |b Congress.  |b Senate.  |t S. hrg. ;  |v 100-812. 
830 0 |a U.S. Congressional Hearings. 
856 4 0 |u http://proxy.library.tamu.edu/login?url=https://congressional.proquest.com/congcomp/getdoc?HEARING-ID=HRG-1988-FNS-0036  |z Connect to the full text of this electronic book  |t 0 
856 4 0 |u http://proxy.library.tamu.edu/login?url=https://congressional.proquest.com/congcomp/getdoc?HEARING-ID=HRG-1988-FNS-0037  |z Connect to the full text of this electronic book  |t 0 
998 |a cis08902457 
999 |a MARS 
999 f f |s 85021520-5de8-33c9-8366-a51a14dbf67f  |i b2e08add-b227-3cc7-aed4-0a9ac0f9d92b  |t 0 
952 f f |a Texas A&M University  |b College Station  |c Electronic Resources  |s www_evans  |d Available Online  |t 0  |e HRG-1988-FNS-0037  |h Other scheme 
998 f f |a HRG-1988-FNS-0037  |t 0  |l Available Online